Presidentes do Portugal - Statistics

Estatísticas Gerais
  • Esse quiz foi jogado 290 vezes
  • A pontuação média é 10 de 22
Estatísticas das Respostas
Hint Resposta % Correto
2016-2026 Marcelo Rebelo de Sousa
96%
2006-2016 Aníbal Cavaco Silva
92%
1986-1996 Mário Soares
81%
1996-2006 Jorge Sampaio
67%
1976-1986 António Ramalho Eanes
63%
1951 Antonio de Oliveira Salazar
61%
1974 António de Spinola
56%
1911-1915 Manuel de Arriaga
55%
1910-1911 Teófilo Braga
53%
1915 Teófilo Braga
53%
1958-1974 Américo Tomás
45%
1974- 1976 Francisco da Costa Gomes
40%
1917-1918 Sidónio Pais
39%
1926 Manuel Gomes da Costa
37%
1926-1951 Oscar Carmona
34%
1923-1925 Manuel Teixeira Gomes
33%
1915-1917 Bernardino Machado
30%
1925-1926 Bernardino Machado
30%
1951-1958 Francisco Craveiro Lopes
24%
1926 José Mendes Cabeçadas
20%
1918-1919 João do Canto e Castro
17%
1919-1923 Antonio José de Almeida
16%
Nenhum quiz correspondente encontrado
Distribuição das Pontuações
Porcentagem de Pessoas com Cada Pontuação
Percentil de Números Respondidos
Sua Pontuação Histórica
Você não jogou esse quiz